| 000 | 02321cam a2200565 4500500 | ||
|---|---|---|---|
| 005 | 20260111114815.0 | ||
| 041 | _afre | ||
| 042 | _adc | ||
| 100 | 1 | 0 |
_aLetourmy, Laurent _eauthor |
| 700 | 1 | 0 |
_aGenot, Martin _eauthor |
| 700 | 1 | 0 |
_aTanneau, Catherine _eauthor |
| 700 | 1 | 0 |
_aDelahaie, Paul _eauthor |
| 245 | 0 | 0 | _aLes défis d’une transformation culturelle et managériale pour faire d’une start-up française de services informatiques un acteur global du BIG DATA |
| 260 | _c2016. | ||
| 500 | _a37 | ||
| 520 | _aComment transformer Ysance, jeune SSII française de services informatiques (10 ans d’existence et 100 personnes) en un acteur international majeur du Big Data qui vise à être le leader européen des Data Management Plateformes (DMP) d’ici fin 2020 ? | ||
| 520 | _aHow to lead a cultural and managerial transformation to turn a french start-up of it business into a global player of bigdata industry?How to transform Ysance, a fairly young French Software company (10 years of experience and 100 persons) in a global player within the big data business aiming to be he European leader of Data Management Plateformes (DMP) till end of 2020 ? | ||
| 690 | _aaction learning | ||
| 690 | _aBigData | ||
| 690 | _acoaching transformationnel | ||
| 690 | _aculture | ||
| 690 | _aData Management Platform | ||
| 690 | _adémarche participative | ||
| 690 | _adesign thinking | ||
| 690 | _ae-commerce | ||
| 690 | _aéconomie digitale | ||
| 690 | _agouvernance | ||
| 690 | _ainnovation | ||
| 690 | _amanagement | ||
| 690 | _amarketing digital | ||
| 690 | _améthode agile | ||
| 690 | _atransformation | ||
| 690 | _aaction learning | ||
| 690 | _aagile methods | ||
| 690 | _aBigData | ||
| 690 | _aculture | ||
| 690 | _aData Management Platform | ||
| 690 | _adesign thinking | ||
| 690 | _adigital economy | ||
| 690 | _adigital marketing | ||
| 690 | _ae-commerce | ||
| 690 | _agovernance | ||
| 690 | _ainnovation | ||
| 690 | _amanagement | ||
| 690 | _aparticipative approach | ||
| 690 | _atransformation | ||
| 690 | _atransformational coaching | ||
| 786 | 0 | _nQuestion(s) de management | 13 | 2 | 2016-09-08 | p. 35-47 | 2262-7030 | |
| 856 | 4 | 1 | _uhttps://shs.cairn.info/revue-questions-de-management-2016-2-page-35?lang=fr&redirect-ssocas=7080 |
| 999 |
_c1633541 _d1633541 |
||